Szczegóły MARC21

Literatura polska w okresie międzywojennym. T. 2 /

003 -Nazwa inst., której nr kontr. jest w polu 001 [,]
    • @
    • Nazwa instytucji, której n kontrolny jest w polu 001
    • NUKAT
005 -DATA I CZAS OSTATNIEJ MODYFIKACJI [,]
    • @
    • pole kontrolne
    • 20241231100841.0
040 -Instytucja sporządzająca opis [ , ]
    • a
    • Instytucja, która sporządziła opis (NP)
    • TOR U/lf
    • c
    • Instytucja, która sporządziła rekord (NP)
    • TOR U/lf
    • d
    • Instytucja, która zmodyfikowała rekord (P)
    • TOR U/LF
    • d
    • Instytucja, która zmodyfikowała rekord (P)
    • KR 119/SWs
    • d
    • Instytucja, która zmodyfikowała rekord (P)
    • WR O/KSs
942 -Rodzaj dokumentu [ , ]
    • c
    • Rodzaj dokumentu
    • Książka
245 -Strefa tytułu i oznaczenia odpowiedzialności [0,0]
    • a
    • Tytuł
    • Literatura polska w okresie międzywojennym. Find
    • n
    • Oznaczenie części (P)
    • T. 2 /
    • c
    • Pozostałe elementy strefy tytułu i oznaczenia odpowiedzialności (NP)
    • zesp. red. Jerzy Kądziela, Jerzy Kwiatkowski, Irena Wyczańska.
260 -Strefa adresu wydawniczego [ , ]
    • a
    • Miejsce wydania (P)
    • Kraków :
    • b
    • Nazwa wydawcy (P)
    • Wydawnictwo Literackie,
    • c
    • Data wydania (P)
    • 1979.
300 -Strefa opisu fizycznego [ , ]
    • a
    • Określenie formy książki i/lub objętość (NP)
    • 545 s., [80] s. tabl. ;
    • c
    • Format (NP)
    • 25 cm.
336 -Typ zawartości [ , ]
    • a
    • Termin opisujący typ zawartości
    • Tekst
    • b
    • Kod określający zawartość
    • txt
    • 2
    • Źródło (terminu i kodu)
    • rdacontent
337 -Typ mediów [ , ]
    • a
    • Tryb odtwarzania
    • Bez urządzenia pośredniczącego
    • b
    • Kod typu mediów
    • n
    • 2
    • Źródło (terminu i kodu)
    • rdamedia
338 -Typ/rodzaj nośnika [ , ]
    • a
    • Hasło opisujące typ nośnika
    • Wolumin
    • b
    • Kod typu nośnika
    • nc
    • 2
    • Źródło (terminu i kodu)
    • rdacarrier
490 -Strefa serii i książki wielotomowej - forma nie do wyszukiwania [1, ]
    • a
    • Tytuł (P)
    • Obraz literatury polskiej XIX i XX wieku / red. Kazimierz Wyka [et al.] ; Instytut Badań Literackich Polskiej Akademii Nauk. Seria 6. Find
830 -Hasło dodatkowe serii i opisu książki wielotomowej - tytuł ujednolicony/tytuł [ ,0]
    • a
    • Tytuł ujednolicony/tytuł (NP)
    • Obraz literatury polskiej XIX i XX wieku.
    • n
    • Oznaczenie części/podserii/sekcji (P)
    • Seria 6
    • 9
    • KHW
    • 509415
500 -Uwaga ogólna [ , ]
    • a
    • Uwaga ogólna (NP)
    • Zawiera także wybór utworów poszczególnych pisarzy.
504 -Uwaga dot. bibliogr. załącznikowej [ , ]
    • a
    • Uwaga dot. bibliografii załącznikowej
    • Bibliogr. przy pracach.
080 -Uniwersalna Klasyfikacja Dziesiętna [ , ]
    • a
    • Symbol klasyfikacji
    • 821.162.1(091)
    • 2
    • Identyfikator wydania tablic
    • UDC-P058
    • 9
    • UKD
    • 8014
    • b
    • Dopowiedzenie
    • Literatura polska (historia).
    • 4
    • UKD2
    • 9409
    • x
    • Poddział wspólny
    • "1918/1939"
    • c
    • Dopowiedzenie poddz. wspólnego
    • Lata 1918/1939.
080 -Uniwersalna Klasyfikacja Dziesiętna [ , ]
    • a
    • Symbol klasyfikacji
    • 821.162.1-82
    • 2
    • Identyfikator wydania tablic
    • UDC-P058
    • 9
    • UKD
    • 8040
    • b
    • Dopowiedzenie
    • Literatura polska. - Antologie. Wypisy. Chrestomatie. Silva rerum.
    • 4
    • UKD2
    • 9409
    • x
    • Poddział wspólny
    • "1918/1939"
    • c
    • Dopowiedzenie poddz. wspólnego
    • Lata 1918/1939.
650 -Hasło przedmiotowe [ ,7]
    • a
    • Hasło przedmiotowe
    • Literatura polska
    • y
    • Określnik chronologiczny
    • 1918-1939
    • x
    • Określnik rzeczowy
    • historia i krytyka.
    • 2
    • Źródło terminu
    • kaba
    • 9
    • KHW
    • 357039
650 -Hasło przedmiotowe [ ,7]
    • a
    • Hasło przedmiotowe
    • Pisarze polscy
    • y
    • Określnik chronologiczny
    • 20 w.
    • v
    • Określnik formalny
    • biografie.
    • 2
    • Źródło terminu
    • kaba
    • 9
    • KHW
    • 356203
655 -Hasło w funkcji tematu formalnego [ ,7]
    • a
    • Hasło
    • Literatura polska
    • y
    • Określnik chronologiczny
    • 1918-1939
    • v
    • Określnik formy
    • antologie.
    • 2
    • Źródło terminu
    • kaba
    • 9
    • KHW
    • 382774
980 -Symbol UKD [ , ]
    • a
    • UKD
    • 821.162.1(091)+821.162.1-82]"1918/1939"
700 -Hasło dodatkowe - nazwa osobowa [1, ]
    • a
    • Nazwa osobowa (NP)
    • Kwiatkowski, Jerzy Find
    • d
    • Daty biograficzne (NP)
    • (1927-1986).
    • e
    • Określenie rodzaju współpracy
    • Red.
    • 9
    • KHW
    • 17512
700 -Hasło dodatkowe - nazwa osobowa [1, ]
    • a
    • Nazwa osobowa (NP)
    • Kądziela, Jerzy Find
    • d
    • Daty biograficzne (NP)
    • (1927-1984).
    • e
    • Określenie rodzaju współpracy
    • Red.
    • 9
    • KHW
    • 13816
700 -Hasło dodatkowe - nazwa osobowa [1, ]
    • a
    • Nazwa osobowa (NP)
    • Wyczańska, Irena. Find
    • e
    • Określenie rodzaju współpracy
    • Red.
    • 9
    • KHW
    • 60440
700 -Hasło dodatkowe - nazwa osobowa [1, ]
    • a
    • Nazwa osobowa (NP)
    • Wyka, Kazimierz Find
    • d
    • Daty biograficzne (NP)
    • (1910-1975).
    • e
    • Określenie rodzaju współpracy
    • Red.
    • 9
    • KHW
    • 13542
710 -Hasło dodatkowe - nazwa ciała zbiorowego [2, ]
    • a
    • Nazwa ciała zbiorowego lub nazwa geograficzna jako pierwszy element (NP)
    • Wydawnictwo Literackie.
    • 4
    • Kod relacji
    • pbl
    • 9
    • KHW
    • 53605
Sygnatura Uwagi nie widoczne w OPAC Lokalizacja Data inwentaryzacji Numer inwentarzowy Status udost.
  BG1997-01-01W.78471-5
  BG1997-01-01W.78473-5
W.1295 BG1997-01-01W.789172
W.1295 BG1997-01-01W.789192
  BG1997-01-01Z.355771
  BG2008-05-30W.78739-5
W.1295 BG2008-05-30W.787402
W.1295 BG2008-05-30W.787412
W.1295 BG2008-05-30W.787422
W.1295 BG2008-05-30W.787432
W.1295 BG2008-05-30W.787442
W.1295 BG2008-05-30W.787452
W.1295 BG2008-05-30W.787462
W.1295 BG2008-05-30W.787472
W.1295 BG2008-05-30W.787482
W.1295 BG1997-01-01W.789152
  BM1997-01-01P.1920-3
  BM2019-03-29Q.9001
POL. Obraz literatury polskiej 13retrokonwersjaBM P.65021